000 00441nam a22001457a 4500
005 20260216123932.0
008 250405b |||||||| |||| 00| 0 eng d
080 _aFM
_bVEN/P CL
100 _a Venugopal,Edayar
245 _aPadikkatha padam(പഠിക്കാത്ത പാഠം)
260 _bCochin Printech pvt. ltd.
_aErnakulam.
_c2024.
300 _a83p.
653 _aFiction-short stories-Childrens literature
942 _cOO
999 _c114958
_d114957